[Event "Eastern Asia-ch U12"]
[Site "Tornelo INT"]
[Date "2021.10.30"]
[Round "5"]
[White "Akhoondi, Roham"]
[Black "Vedant, Mistry"]
[Result "0-1"]
[WhiteElo "1043"]
[BlackElo "1190"]
[PlyCount "114"]
[EventDate "2021.10.29"]
[EventType "swiss"]
[EventRounds "9"]
[EventCountry "NET"]
[SourceTitle "EXT 2023"]
[Source "ChessBase"]
[SourceDate "2022.10.05"]
[SourceVersion "1"]
[SourceVersionDate "2022.10.05"]
[SourceQuality "1"]

1. d4 d5 2. Nf3 Nf6 3. Bf4 e6 4. e3 Bd6 5. Bg3 c5 6. c3 Nc6 7. Nbd2 0-0 8. Bd3 b6 9. Ne5 Bb7 10. Bf4 Ne7 11. Qf3 Ng6 12. Bxg6 hxg6 13. h4 Ne4 14. Nxe4 dxe4 15. Qg3 Bxe5 16. Bxe5 cxd4 17. exd4 Ba6 18. h5 g5 19. h6 f6 20. Qh3 Rf7 21. Qxe6 Bc8 22. h7+ Kh8 23. Qxf7 fxe5 24. 0-0-0 Ba6 25. dxe5 Bd3 26. e6 Qd5 27. Qd7 Qxa2 28. e7 Qa1+ 29. Kd2 Qxb2+ 30. Ke3 Qe2+ 31. Kd4 Qxf2+ 32. Kd5 Qc5+ 33. Ke6 Bc4+ 34. Rd5 Bxd5+ 35. Qxd5 Qc8+ 36. Ke5 Qxc3+ 37. Kf5 Qf6+ 38. Kg4 Qf4+ 39. Kh5 Qb8 40. Rf1 Qh2+ 41. Kg6 Qh6+ 42. Kf5 Qf6+ 43. Kxe4 Qxe7+ 44. Kd4 Rd8 45. Rf8+ Qxf8 46. Qxd8 Qxd8+ 47. Kc4 Kxh7 48. g4 Qc8+ 49. Kb5 Qc5+ 50. Ka6 Qc6 51. Kxa7 b5 52. Kb8 b4 53. Ka7 b3 54. Kb8 b2 55. Ka7 Qb5 56. Ka8 b1Q 57. Ka7 Qa2# 0-1